000 00322nam a22001337a 4500
008 170817b xxu||||| |||| 00| 0 eng d
020 _a9780133182217
041 _aeng
080 _24 ED
_a51
100 _a36
101 _aMAT
245 _aFINITE MATHEMATICS AND ITS APPLICATION
_cSIEGEL.G.SCH
942 _2udc
_cBK
999 _c23900
_d23900